Understanding Islamic Banking : (Record no. 17361)
[ view plain ]
| 000 -LEADER | |
|---|---|
| fixed length control field | 00838nam a2200241 a 4500 |
| 001 - CONTROL NUMBER | |
| control field | 013472617 |
| 003 - CONTROL NUMBER IDENTIFIER | |
| control field | Uk |
| 005 - DATE AND TIME OF LATEST TRANSACTION | |
| control field | 20130317120411.0 |
| 008 - FIXED-LENGTH DATA ELEMENTS--GENERAL INFORMATION | |
| fixed length control field | 060519s2006 enk b 001 0 eng |
| 020 ## - INTERNATIONAL STANDARD BOOK NUMBER | |
| International Standard Book Number | 1905687001 (pbk.) |
| 020 ## - INTERNATIONAL STANDARD BOOK NUMBER | |
| International Standard Book Number | 9781905687008 (pbk.) |
| 082 04 - DEWEY DECIMAL CLASSIFICATION NUMBER | |
| Classification number | 332.1091767 |
| Edition number | 22 |
| Item number | DIV |
| 100 1# - MAIN ENTRY--PERSONAL NAME | |
| Personal name | DiVanna, Joseph A. |
| 9 (RLIN) | 32843 |
| 245 10 - TITLE STATEMENT | |
| Title | Understanding Islamic Banking : |
| Remainder of title | the Value Proposition That Transcends Cultures / |
| Statement of responsibility, etc | Joseph A. DiVanna. |
| 260 ## - PUBLICATION, DISTRIBUTION, ETC. (IMPRINT) | |
| Place of publication, distribution, etc | Cambridge : |
| Name of publisher, distributor, etc | Leonardo and Francis, |
| Date of publication, distribution, etc | 2006. |
| 300 ## - PHYSICAL DESCRIPTION | |
| Extent | xviii, 174 p. ; |
| Dimensions | 24 cm. |
| 490 0# - Series Statement | |
| Series statement | Diversity in global banking series |
| 504 ## - BIBLIOGRAPHY, ETC. NOTE | |
| Bibliography, etc | Includes bibliographical references and index. |
| 650 #0 - SUBJECT ADDED ENTRY--TOPICAL TERM | |
| Topical term or geographic name as entry element | Banks and banking |
| Geographic subdivision | Islamic countries. |
| 9 (RLIN) | 28054 |
| 650 #0 - SUBJECT ADDED ENTRY--TOPICAL TERM | |
| Topical term or geographic name as entry element | Banks and banking |
| General subdivision | Religious aspects |
| -- | Islam. |
| 9 (RLIN) | 32829 |
| 653 ## - INDEX TERM--UNCONTROLLED | |
| Resource For college | |
| Arrived date list | March2013 |
| 942 ## - ADDED ENTRY ELEMENTS (KOHA) | |
| Source of classification or shelving scheme | Dewey Decimal Classification |
| Item type | Book - Borrowing |
| Withdrawn status | Item status | Source of classification or shelving scheme | Damaged status | Not for loan | Vendor | Home library | Current library | Shelving location | Date acquired | Source of acquisition | Total Checkouts | Total Renewals | Full call number | Barcode | Date last seen | Date last borrowed | Koha item type |
|---|---|---|---|---|---|---|---|---|---|---|---|---|---|---|---|---|---|
| Dewey Decimal Classification | Baccah | Central Library | Central Library | First floor | 17/03/2013 | 3 | 20 | 332.1091767 DIV | 000028489 | 15/07/2025 | 11/11/2015 | Book - Borrowing |